|
|
|
|
| LEADER |
00000nab a2200000 a 4500 |
| 001 |
vtls008847317 |
| 003 |
SK-MaSNL |
| 005 |
20260319071113.0 |
| 008 |
060919 2006 xo | |000 0|hun |
| 015 |
|
|
|a SNBRB2006/09
|
| 038 |
|
|
|a KEVKJB
|
| 040 |
|
|
|a KEVKJB
|b slo
|c KEVKJB
|e AACR2
|
| 041 |
0 |
|
|a hun
|
| 044 |
|
|
|a xo
|c SK
|
| 080 |
|
|
|a 394.2
|2 2001
|
| 100 |
1 |
|
|a Havasi, Péter,
|d 1950-
|4 aut
|9 473075
|
| 245 |
1 |
0 |
|a IV. Tokaji Fesztivál Borsiban és Szőlőskén
|c Havasi Péter
|
| 300 |
|
|
|b Fotogr.
|
| 611 |
2 |
7 |
|a Tokaji Fesztivál
|n (4. :
|d 2006 :
|c Borša a Viničky, Slovensko)
|2 kevkjb
|9 1057480
|
| 651 |
|
7 |
|a Borša (Slovensko)
|2 kevkjb
|9 16656
|
| 651 |
|
7 |
|a Viničky (Slovensko)
|2 kevkjb
|9 26419
|
| 773 |
0 |
|
|t Kassai Figyelő
|g Évf. IV, sz. 7-8 (2006), o. 16-17
|
| 852 |
|
|
|a KEVKJB
|b KIS3GCP
|
| 958 |
|
|
|a HU
|
| 999 |
|
|
|c 1738196
|d 1740126
|